000 00779nam a22002894a 4500
001 UByD003386
003 AR-LpoUNG
005 20241127150237.0
008 241127s2005 stk g d 000 0 eng d
020 _a1855343304
040 _aAR-LpoUNG
_bspa
_cAR-LpoUNG
_eaacr
041 1 _aeng
_aspa
082 0 _aR423 735spa
245 0 0 _aSpanish-english english-spanish dictionary
250 _a1ra. ed.
260 _aNew Lanark (Scotland) :
_bGeddes & Grosset,
_c2005.
300 _a240 p.
650 4 _aDICCIONARIOS
650 4 _aLENGUA INGLESA
650 4 _aLENGUA ESPAÑOLA
650 4 _aLEXICOGRAFIA
650 4 _aMATERIAL DE REFERENCIA
650 4 _aTERMINOLOGIA
653 0 _aDICCIONARIOS BILINGÜES
653 0 _aDICCIONARIOS DE INGLES
942 _2ddc
_cLSALA
999 _c66062
_d66062